Missing Word: 1990s TV Shows II Quiz Stats

 Plays Quiz Updated Feb 8, 2017

Support Sporcle.
Go Orange.
Score 0/20 Timer 02:00
1 Play Today
Hint Answer % Correct
Sex and the ____City
98.4%
SpongeBob _____SquarePants
98.1%
That '70s ____Show
97.5%
Will & ____Grace
95.9%
The ____ of QueensKing
94.2%
7th ____Heaven
92%
NYPD ____Blue
87.6%
My So-Called ____Life
83%
Lois & Clark: The New Adventures of ____Superman
79.1%
Star Trek: Deep ____ NineSpace
78.9%
Hint Answer % Correct
In ____ ColorLiving
77.5%
The ____ Foxworthy ShowJeff
77.2%
____ & GregDharma
75.4%
____ of FiveParty
74.5%
Mighty ____ Power RangersMorphin
72.7%
Homicide: Life on the ____Street
62.5%
Just ____ Me!Shoot
59.5%
Clarissa ____ It AllExplains
55.4%
Legends of the ____ TempleHidden
39.9%
Hercules: The ____ JourneysLegendary
17.6%

Today's Daily Dose

You're not logged in!

Compare scores with friends on all Sporcle quizzes.
OR
Log In

From the Vault

Calculator Words

by vikZ

Goofing around in math class finally pays off!
Remove Ads.
Support Sporcle.
Get the best of Sporcle when you Go Orange. This ad-free experience offers more features, more stats, and more fun while also helping to support Sporcle. Thank you for becoming a member.

Show Comments

Extras

Top Quizzes Today


Score Distribution

Your Account Isn't Verified!

In order to create a playlist on Sporcle, you need to verify the email address you used during registration. Go to your Sporcle Settings to finish the process.

Report this User

Report this user for behavior that violates our Community Guidelines.

Details: